LEADER 00890nam1 22002771 450 001 000002204 005 20080718134217.0 100 $a20001127g19681969km-y0itay50------ba 101 1 $aita 102 $aIT 105 $ay-------001yy 200 1 $a<>pensiero economico contemporaneo$fa cura di Federico Caffè 210 $aMilano$cFranco Angeli$d1968-1969 215 $a3 v.$d22 cm 225 2 $aCollana di economia$iSez. 3.$v2 410 0$12001$aCollana di economia 463 \1$1001000002205$12001 $aMoneta, interesse e benessere 463 \1$1001000002206$12001 $a<>sviluppo economico 463 \1$1001000002208$12001 $a<>impiego delle risorse 610 1 $aEconomia$aSaggi 676 $a330 702 1$aCaffè,$bFederico 801 0$aIT$bUNIPARTHENOPE$gRICA$2UNIMARC 912 $a000002204 996 $aPensiero economico contemporaneo$9708759 997 $aUNIPARTHENOPE LEADER 00893cam2 22002413 450 001 SOBE00041741 005 20140326104245.0 100 $a20140326d1976 |||||ita|0103 ba 101 $aita 102 $aIT 200 1 $a<<4: >>Testo$fGiorgio Vasari 210 $aFirenze$cSansoni$dstampa1976 215 $a706 p.$cill.$d27 cm. 461 1$1001SON0006056$12001 $a<>vite de' più eccellenti pittori, scultori e architettori nelle redazioni del 1550 e 1568 / Giorgio Vasari ; Testo a cura di Rosanna Bettarini ; Commento secolare a cura di Paola Barocchi 801 0$aIT$bUNISOB$c20140326$gRICA 850 $aUNISOB 852 $aUNISOB$j700$m136709 912 $aSOBE00041741 940 $aM 102 Monografia moderna SBN 941 $aM 957 $a700$b001548$i-4.1$gSI$d136709$1rovito$2UNISOB$3UNISOB$420140326104036.0$520140326104147.0$6rovito 996 $aTesto$9148802 997 $aUNISOB